MARC details
| 000 -LEADER |
| fixed length control field |
01977pam a2200469 a 4500 |
| 008 - FIXED-LENGTH DATA ELEMENTS--GENERAL INFORMATION |
| fixed length control field |
080509s2008 ilua c 000 1 eng d |
| 020 ## - INTERNATIONAL STANDARD BOOK NUMBER |
| International Standard Book Number |
9780807555743 (pbk.) |
| 020 ## - INTERNATIONAL STANDARD BOOK NUMBER |
| International Standard Book Number |
9780329643621 (Follett bdg.) |
| 020 ## - INTERNATIONAL STANDARD BOOK NUMBER |
| International Standard Book Number |
0807555746 |
| 020 ## - INTERNATIONAL STANDARD BOOK NUMBER |
| International Standard Book Number |
0329643622 |
| 040 ## - CATALOGING SOURCE |
| Original cataloging agency |
ICrlF |
| Transcribing agency |
ICrlF |
| Modifying agency |
ICrlF |
| 082 04 - DEWEY DECIMAL CLASSIFICATION NUMBER |
| Classification number |
[Fic] |
| Edition number |
22 |
| 035 ## - SYSTEM CONTROL NUMBER |
| System control number |
(IMchF)fol11738194 |
| 005 - DATE AND TIME OF LATEST TRANSACTION |
| control field |
20241220144311.0 |
| 001 - CONTROL NUMBER |
| control field |
72032 |
| 003 - CONTROL NUMBER IDENTIFIER |
| control field |
DCL |
| 100 1# - MAIN ENTRY--PERSONAL NAME |
| Personal name |
Warner, Gertrude Chandler, |
| Dates associated with a name |
1890-1979. |
| 9 (RLIN) |
6297199 |
| 245 14 - TITLE STATEMENT |
| Title |
The great detective race / |
| Statement of responsibility, etc |
created by Gertrude Chandler Warner ; illustrated by Robert Papp. |
| 260 ## - PUBLICATION, DISTRIBUTION, ETC. (IMPRINT) |
| Place of publication, distribution, etc |
Morton Grove, Ill. : |
| Name of publisher, distributor, etc |
A. Whitman, |
| Date of publication, distribution, etc |
2008. |
| 300 ## - PHYSICAL DESCRIPTION |
| Extent |
106 p. : |
| Other physical details |
ill. ; |
| Dimensions |
20 cm. |
| 490 1# - SERIES STATEMENT |
| Series statement |
Boxcar children mysteries ; |
| Volume number/sequential designation |
#115 |
| 520 ## - SUMMARY, ETC. |
| Summary, etc |
Henry, Jessie, Violet, and Benny discover that some of the clues to the Great Detective Race are fake and set out to find out who is trying to ruin the race. |
| 521 0# - TARGET AUDIENCE NOTE |
| Target audience note |
4.3 |
| Source |
Follett Library Resources |
| 521 2# - TARGET AUDIENCE NOTE |
| Target audience note |
3-6 |
| Source |
Follett Library Resources |
| 650 #0 - SUBJECT ADDED ENTRY--TOPICAL TERM |
| Topical term or geographic name as entry element |
Boxcar children (Fictitious characters) |
| Form subdivision |
Juvenile fiction. |
| 9 (RLIN) |
5692296 |
| 650 #0 - SUBJECT ADDED ENTRY--TOPICAL TERM |
| Topical term or geographic name as entry element |
Contests |
| Form subdivision |
Juvenile fiction. |
| 9 (RLIN) |
5678684 |
| 650 #0 - SUBJECT ADDED ENTRY--TOPICAL TERM |
| Topical term or geographic name as entry element |
Brothers and sisters |
| Form subdivision |
Juvenile fiction. |
| 9 (RLIN) |
5674032 |
| 650 #0 - SUBJECT ADDED ENTRY--TOPICAL TERM |
| Topical term or geographic name as entry element |
Orphans |
| Form subdivision |
Juvenile fiction. |
| 9 (RLIN) |
5673937 |
| 650 #1 - SUBJECT ADDED ENTRY--TOPICAL TERM |
| Topical term or geographic name as entry element |
Boxcar children (Fictitious characters) |
| Form subdivision |
Fiction. |
| 9 (RLIN) |
5692297 |
| 650 #1 - SUBJECT ADDED ENTRY--TOPICAL TERM |
| Topical term or geographic name as entry element |
Contests |
| Form subdivision |
Fiction. |
| 9 (RLIN) |
5678324 |
| 650 #1 - SUBJECT ADDED ENTRY--TOPICAL TERM |
| Topical term or geographic name as entry element |
Brothers and sisters |
| Form subdivision |
Fiction. |
| 9 (RLIN) |
5673852 |
| 650 #1 - SUBJECT ADDED ENTRY--TOPICAL TERM |
| Topical term or geographic name as entry element |
Orphans |
| Form subdivision |
Fiction. |
| 9 (RLIN) |
5673861 |
| 650 #1 - SUBJECT ADDED ENTRY--TOPICAL TERM |
| Topical term or geographic name as entry element |
Mystery and detective stories. |
| 9 (RLIN) |
6297200 |
| 650 #7 - SUBJECT ADDED ENTRY--TOPICAL TERM |
| Topical term or geographic name as entry element |
Boxcar children (Fictional characters) |
| Form subdivision |
Fiction. |
| Source of heading or term |
sears |
| 9 (RLIN) |
6400541 |
| 650 #7 - SUBJECT ADDED ENTRY--TOPICAL TERM |
| Topical term or geographic name as entry element |
Contests |
| Form subdivision |
Fiction. |
| Source of heading or term |
sears |
| 9 (RLIN) |
5678324 |
| 650 #7 - SUBJECT ADDED ENTRY--TOPICAL TERM |
| Topical term or geographic name as entry element |
Siblings |
| Form subdivision |
Fiction. |
| Source of heading or term |
sears |
| 9 (RLIN) |
5708994 |
| 650 #7 - SUBJECT ADDED ENTRY--TOPICAL TERM |
| Topical term or geographic name as entry element |
Orphans |
| Form subdivision |
Fiction. |
| Source of heading or term |
sears |
| 9 (RLIN) |
5673861 |
| 650 #7 - SUBJECT ADDED ENTRY--TOPICAL TERM |
| Topical term or geographic name as entry element |
Mystery fiction. |
| Source of heading or term |
sears |
| 9 (RLIN) |
6297202 |
| 700 1# - ADDED ENTRY--PERSONAL NAME |
| Personal name |
Papp, Robert, |
| Relator term |
ill. |
| 9 (RLIN) |
5850204 |
| 800 1# - SERIES ADDED ENTRY--PERSONAL NAME |
| Personal name |
Warner, Gertrude Chandler, |
| Dates associated with a name |
1890-1979. |
| Title of a work |
Boxcar children mysteries ; |
| Volume/sequential designation |
#115. |
| 9 (RLIN) |
22673 |
| 942 ## - ADDED ENTRY ELEMENTS (KOHA) |
| Koha item type |
UNKNOWN |